James Harden Team Quiz - Statistics

General Stats
  • This quiz has been taken 37 times
  • The average score is 6 of 7
Answer Stats
Hint Answer % Correct
2026-present Cleveland Cavaliers
100%
2021-22 Brooklyn Nets
97%
2023-26 Los Angeles Clippers
97%
2012-21 Houston Rockets
93%
2009-12 Oklahoma City Thunder
90%
2022-23 Philadelphia 76ers
83%
2007-09 (college) Arizona State
47%
No matching quizzes found
Score Distribution
Percent of People with Each Score
Percentile by Number Answered
Your Score History
You have not taken this quiz